000
00342nam a2200157Ia 4500
100
_a
Moorthi/V.R
650
_a
Power electronics
942
_c
BK
366
_f
20
245
_a
Power Electronics:Devices
260
_b
Oxford university press
_c
2005
082
_a
621.317
_b
MOO
300
_a
1013
546
_a
ENGLISH
_c
TTL
999
_c
19347
_d
19347